|
|
|
|
| LEADER |
01672cas a2200265 a 4500 |
| 001 |
AALejournalIMF018683 |
| 008 |
230101c9999 xx r poo 0 0eng d |
| 020 |
|
|
|c 5.00 USD
|
| 020 |
|
|
|z 9781484370308
|
| 022 |
|
|
|a 1018-5941
|
| 040 |
|
|
|a BD-DhAAL
|c BD-DhAAL
|
| 100 |
1 |
|
|a Arslanalp, Serkan.
|
| 245 |
1 |
0 |
|a Demographics and Interest Rates in Asia /
|c Serkan Arslanalp, Jaewoo Lee, Umang Rawat.
|
| 264 |
|
1 |
|a Washington, D.C. :
|b International Monetary Fund,
|c 2018.
|
| 300 |
|
|
|a 1 online resource (23 pages)
|
| 490 |
1 |
|
|a IMF Working Papers
|
| 500 |
|
|
|a <strong>Off-Campus Access:</strong> No User ID or Password Required
|
| 500 |
|
|
|a <strong>On-Campus Access:</strong> No User ID or Password Required
|
| 506 |
|
|
|a Electronic access restricted to authorized BRAC University faculty, staff and students
|
| 520 |
3 |
|
|a Demographic developments have been regarded as one important cause of the long-term movement in global interest rates. This paper provides empirical evidence of the relationship between demographics and interest rates over a wide sample of advanced and emerging market economies. It also finds that capital account openness limits the direct sensitivity of a country's interest rates to its own demographics. The results suggest that future demographic developments will continue to apply downward pressure on the interest rates in Asia which foresees a rapid aging.
|
| 538 |
|
|
|a Mode of access: Internet
|
| 700 |
1 |
|
|a Lee, Jaewoo.
|
| 700 |
1 |
|
|a Rawat, Umang.
|
| 830 |
|
0 |
|a IMF Working Papers; Working Paper ;
|v No. 2018/172
|
| 856 |
4 |
0 |
|z Full text available on IMF
|u http://elibrary.imf.org/view/journals/001/2018/172/001.2018.issue-172-en.xml
|z IMF e-Library
|